| 000 | 00662nam a2200193Ia 4500 | ||
|---|---|---|---|
| 003 | GCL | ||
| 008 | 140319s9999 xx 000 0 ara d | ||
| 040 |
_aGCL / _cGCL |
||
| 082 | 0 | 4 |
_a938 _bأ ت |
| 100 | 1 | _aابراهيم نصحى | |
| 245 | 1 | 0 |
_aتاريخ الرومان منذ اقدم العصور حتى عام 133 ق . م / _cابراهيم نصحى |
| 250 | _aالثانية | ||
| 260 |
_aالقاهرة : _bمكتبة الانجلوالمصرية ، _c1998 |
||
| 300 |
_a2 مج ؛ _c24 سم |
||
| 650 | 0 | 4 | _aالعرب والروم |
| 650 | 0 | 4 | _aاباطرة الرومان |
| 650 | 0 | 4 | _aالامبراطورية الرومانية |
| 942 |
_2ddc _cBK |
||
| 999 |
_c4810 _d4810 |
||